<?xml version='1.0' encoding='UTF-8'?>
  <record xmlns="http://www.loc.gov/MARC21/slim">
    <leader>00000cam a2200000 i 4500</leader>
    <controlfield tag="001">on1129383079</controlfield>
    <controlfield tag="003">OCoLC</controlfield>
    <controlfield tag="005">20240210061653.1</controlfield>
    <controlfield tag="008">191203q16351637ne            000 0 dut d</controlfield>
    <datafield tag="040" ind1=" " ind2=" ">
      <subfield code="a">QGJ</subfield>
      <subfield code="b">eng</subfield>
      <subfield code="e">rda</subfield>
      <subfield code="e">dcrmmss</subfield>
      <subfield code="c">QGJ</subfield>
      <subfield code="d">OCLCQ</subfield>
      <subfield code="d">OCLCO</subfield>
      <subfield code="d">OCLCL</subfield>
    </datafield>
    <datafield tag="035" ind1=" " ind2=" ">
      <subfield code="a">(OCoLC)1129383079</subfield>
    </datafield>
    <datafield tag="130" ind1="0" ind2=" ">
      <subfield code="a">Bible.</subfield>
      <subfield code="p">Prophets.</subfield>
      <subfield code="l">Dutch.</subfield>
      <subfield code="s">Statenvertaling.</subfield>
      <subfield code="f">1635.</subfield>
    </datafield>
    <datafield tag="245" ind1="1" ind2="0">
      <subfield code="a">[Biblia, dat is, De gantsche H. Schrifture, vervattende alle de canonijcke Boecken des Ouden en des Nieuwen Testaments],</subfield>
      <subfield code="f">UBU Hs 1051 (Hs 6 A 8)</subfield>
    </datafield>
    <datafield tag="246" ind1="1" ind2=" ">
      <subfield code="i">Title in P.A. Tiele, Catalogus codicum manu scriptorum Bibliothecae Universitatis Rheno-Trajectinae:</subfield>
      <subfield code="a">Bijbel, Statenvertaling. Job-Maleachi. Met de kantteekeningen</subfield>
    </datafield>
    <datafield tag="264" ind1=" " ind2="1">
      <subfield code="a">[Leiden] :</subfield>
      <subfield code="b">[De Weduwe Jan Claesz. van Dorp],</subfield>
      <subfield code="c">[between 1635 and 1637?]</subfield>
    </datafield>
    <datafield tag="300" ind1=" " ind2=" ">
      <subfield code="a">[Various foliations] ;</subfield>
      <subfield code="c">39 cm (folio)</subfield>
    </datafield>
    <datafield tag="336" ind1=" " ind2=" ">
      <subfield code="a">text</subfield>
      <subfield code="b">txt</subfield>
      <subfield code="2">rdacontent</subfield>
    </datafield>
    <datafield tag="337" ind1=" " ind2=" ">
      <subfield code="a">unmediated</subfield>
      <subfield code="b">n</subfield>
      <subfield code="2">rdamedia</subfield>
    </datafield>
    <datafield tag="338" ind1=" " ind2=" ">
      <subfield code="a">volume</subfield>
      <subfield code="b">nc</subfield>
      <subfield code="2">rdacarrier</subfield>
    </datafield>
    <datafield tag="340" ind1=" " ind2=" ">
      <subfield code="a">paper</subfield>
      <subfield code="2">rdamat</subfield>
    </datafield>
    <datafield tag="340" ind1=" " ind2=" ">
      <subfield code="a">folio</subfield>
      <subfield code="a">rdabf</subfield>
    </datafield>
    <datafield tag="500" ind1=" " ind2=" ">
      <subfield code="a">Proof of the Dutch Bible translation, known as Statenvertaling, with handwritten corrections by Abdias Widmarius, who became professor of theology in Groningen afterwards.</subfield>
    </datafield>
    <datafield tag="500" ind1=" " ind2=" ">
      <subfield code="a">According to Tiele printed by in Leiden by Andries Cloucq.</subfield>
    </datafield>
    <datafield tag="505" ind1="8" ind2=" ">
      <subfield code="a">Contains Job -- Malachi.</subfield>
    </datafield>
    <datafield tag="524" ind1="8" ind2=" ">
      <subfield code="a">Cite as: Universiteitsbibliotheek Utrecht Hs 1051 (Hs 6 A 8).</subfield>
    </datafield>
    <datafield tag="541" ind1="1" ind2=" ">
      <subfield code="c">Gift;</subfield>
      <subfield code="a">Widow of L.G. Pareau.</subfield>
    </datafield>
    <datafield tag="581" ind1=" " ind2=" ">
      <subfield code="a">P.A. Tiele, Catalogus codicum manu scriptorum Bibliothecae Universitatis Rheno-Trajectinae. I. Trajecti ad Rhenum / Hagae Comitis 1887. P. 257.</subfield>
    </datafield>
    <datafield tag="581" ind1=" " ind2=" ">
      <subfield code="a">C.C. de Bruin, De Statenbijbel en zijn voorgangers. Nederlandse bijbelvertalingen vanaf de Reformatie tot 1637. Bew. door F.G.M. Broeyer. Haarlem/Brussel 1993. p. 314-1315, afb. 37.</subfield>
    </datafield>
    <datafield tag="581" ind1=" " ind2=" ">
      <subfield code="a">Nicolaes Hinlópen, Historie van de Nederlandsche overzettinge des Bybels. Te Leyden 1777. P. 108.</subfield>
    </datafield>
    <datafield tag="630" ind1="0" ind2="0">
      <subfield code="a">Bible.</subfield>
      <subfield code="l">Dutch</subfield>
      <subfield code="v">Early works to 1800.</subfield>
    </datafield>
    <datafield tag="630" ind1="0" ind2="7">
      <subfield code="a">Bible.</subfield>
      <subfield code="2">fast</subfield>
      <subfield code="0">(OCoLC)fst01356024</subfield>
    </datafield>
    <datafield tag="655" ind1=" " ind2="7">
      <subfield code="a">Early works.</subfield>
      <subfield code="2">fast</subfield>
      <subfield code="0">(OCoLC)fst01411636</subfield>
    </datafield>
    <datafield tag="700" ind1="0" ind2=" ">
      <subfield code="a">Weduwe van Jan Claesz van Dorp,</subfield>
      <subfield code="d">active 1635,</subfield>
      <subfield code="e">printer</subfield>
      <subfield code="4">prt</subfield>
    </datafield>
    <datafield tag="700" ind1="1" ind2=" ">
      <subfield code="a">Clouck, Andries,</subfield>
      <subfield code="e">printer</subfield>
      <subfield code="4">prt</subfield>
    </datafield>
    <datafield tag="700" ind1="1" ind2=" ">
      <subfield code="a">Widmarius, Abdias,</subfield>
      <subfield code="d">1591-1668,</subfield>
      <subfield code="e">annotator.</subfield>
      <subfield code="4">ann</subfield>
      <subfield code="1">https://id.oclc.org/worldcat/entity/E39PBJdRrPGyM398QdpPggGJXd</subfield>
    </datafield>
    <datafield tag="700" ind1="1" ind2=" ">
      <subfield code="a">Pareau, L. G.,</subfield>
      <subfield code="d">1800-1866,</subfield>
      <subfield code="e">former owner</subfield>
      <subfield code="4">fmo</subfield>
    </datafield>
    <datafield tag="700" ind1="1" ind2=" ">
      <subfield code="a">Staveren, Catharina Susanna van,</subfield>
      <subfield code="d">1802-1887,</subfield>
      <subfield code="e">former owner</subfield>
      <subfield code="4">fmo</subfield>
    </datafield>
    <datafield tag="710" ind1="2" ind2=" ">
      <subfield code="a">Universiteit Utrecht.</subfield>
      <subfield code="b">Bibliotheek.</subfield>
      <subfield code="k">Manuscript</subfield>
      <subfield code="n">(Hs 1051 (Hs 6 A 8th))</subfield>
    </datafield>
    <datafield tag="730" ind1="0" ind2=" ">
      <subfield code="a">Bible.</subfield>
      <subfield code="p">Hagiographa.</subfield>
      <subfield code="l">Dutch.</subfield>
      <subfield code="s">Statenvertaling.</subfield>
      <subfield code="f">1635.</subfield>
    </datafield>
    <datafield tag="758" ind1=" " ind2=" ">
      <subfield code="i">has work:</subfield>
      <subfield code="a">UBU Hs 1051 (Hs 6 A 8) [Biblia, dat is, De gantsche H. Schrifture, vervattende alle de canonijcke Boecken des Ouden en des Nieuwen Testaments] (Text)</subfield>
      <subfield code="1">https://id.oclc.org/worldcat/entity/E39PCFyrqK6VFbHwVtg4Jgjbv3</subfield>
      <subfield code="4">https://id.oclc.org/worldcat/ontology/hasWork</subfield>
    </datafield>
  </record>